| 000 | 00460nam a2200169Ia 4500 | ||
|---|---|---|---|
| 005 | 20250423100541.0 | ||
| 008 | 250422s9999 xx 000 0 und d | ||
| 020 | _a9789781251320 | ||
| 050 | _aJF 60 .N48/ | ||
| 100 | _aNgu, Manti Sylva | ||
| 245 | 0 | _aPolitical and administrative development in some selected francophone African States | |
| 260 | _aKaduna | ||
| 260 | _bAhmadu Bello University Press | ||
| 260 | _c2003 | ||
| 300 | _a308 p | ||
| 942 | _cBK | ||
| 999 |
_c33648 _d33648 |
||